Brasão dos Estados Brasileiros - Statistics

Estatísticas Gerais
  • Esse quiz foi jogado 176 vezes
  • A pontuação média é 20 de 27
Estatísticas das Respostas
Imagem Resposta % Correto
Rio Grande do Sul
97%
São Paulo
96%
Minas Gerais
95%
Rio de Janeiro
94%
Rondônia
93%
Santa Catarina
93%
Tocantins
93%
Espírito Santo
92%
Pará
92%
Bahia
90%
Piauí
90%
Roraima
90%
Mato Grosso do Sul
89%
Acre
79%
Amapá
79%
Distrito Federal
75%
Maranhão
71%
Ceará
68%
Rio Grande do Norte
64%
Alagoas
56%
Pernambuco
49%
Paraná
47%
Amazonas
44%
Goiás
38%
Sergipe
35%
Mato Grosso
30%
Paraíba
29%
Nenhum quiz correspondente encontrado
Distribuição das Pontuações
Porcentagem de Pessoas com Cada Pontuação
Percentil de Números Respondidos
Sua Pontuação Histórica
Você não jogou esse quiz